00313nam a2200121Ia 4500008004100000020001800041082001700059100002300076245003000099260004000129300001100169440001100180230613s9999||||xx |||||||||||||| ||und|| a9788189906658 a204.4bT3741 aThe Times of India 4aThe best of Speaking tree aNew Delhi bTimes Group Booksc2010 a152 p. vVol. 5